Thu tỷ đề danh kí: Nguồn tư liệu có giá trị /

Bewaard in:
Bibliografische gegevens
Hoofdauteur: Vũ Thị Lan Anh.
Formaat: Artikel
Taal:Vietnamese
Onderwerpen:
Tags: Voeg label toe
Geen labels, Wees de eerste die dit record labelt!
Thư viện lưu trữ: Thư viện Trường Đại học Đà Lạt
LEADER 00758nam a2200265 4500
001 DLU180187583
005 ##20181004
040 # # |a DLU  |b vie 
041 # # |a vie 
044 # # |a vn 
100 # # |a Vũ Thị Lan Anh. 
245 # # |a Thu tỷ đề danh kí: Nguồn tư liệu có giá trị /  |c Vũ Thị Lan Anh. 
653 # # |a Người đỗ 
653 # # |a Thu tỉ 
653 # # |a Trường thi Thanh Hóa 
653 # # |a Trung khoa 
773 # # |t Tạp chí Hán Nôm  |g Số 1(134), 2016, tr. 25-35 
920 # # |a Phòng Tạp chí -- Trung tâm Thông tin - Thư viện Trường Đại học Đà Lạt 
900 # # |a True 
911 # # |a Hoàng Thị Huyền 
925 # # |a G 
926 # # |a A 
927 # # |a BB 
980 # # |a Thư viện Trường Đại học Đà Lạt